Statistiche per Il Otto Pianeti

Clicka qui per fare il quiz!

Statistiche generali

  • Questo quiz è stato fatto 872 volte
  • Il punteggio medio è 8 su 8

Statistiche sulle risposte

Pianeta% Corretto
Giove
98%
Marte
98%
Saturno
98%
Terra
98%
Venere
96%
Mercurio
93%
Nettuno
92%
Urano
89%

Distribuzione punteggi

Percentile per numero di risposta

Percentuale di utenti per punteggio

I tuoi punteggi nel tempo

Non hai fatto questo quiz